000 01220nam a2200337 a 4500
001 000111074
003 CHAP
005 20220329144156.0
008 141201s2014 mx a |sm |||||||spa d
010 _a107536
011 _a108508
040 _cCHAP
090 _aTesis
100 1 _aRosales Gutiérrez, Estefani
_9128878
245 1 0 _aEvaluación de un equipo para el control de temperatura
_h[En línea]
_cpor Estefani Rosales Gutiérrez.
260 _aChapingo, Méx. :
_bEl autor,
_c2014.
500 _aPara ver el contenido del material haga clic en la liga
502 _aTesis (Ing. Mecanico Agricola) -- UACH. Departamento de Ingeniería Mecánica Agrícola
590 _aE11695DGD
_b10
_c20141207
_lUCH01
_h1231
590 _aE5652GLJ
_b05
_c20141201
_lUCH01
_h1202
590 _aE5652GLJ
_b05
_c20141201
_lUCH01
_h1202
590 _aE5652GLJ
_b05
_c20141201
_lUCH01
_h1430
650 1 4 _aControl ambiental.
_927577
650 1 4 _aCultivos en invernadero.
_930376
650 1 4 _aInstrumentos de medición
_xDiseño.
_9125648
650 1 4 _aInvernaderos
_xAutomatización.
_960174
856 _aFinding aid
_uhttp://10.13.5.2/tesis/sist111074.pdf
_zTeclea aquí
901 _aBK
942 _cTESIS
942 _n0
999 _c107536
_d107536